[Event "Olympiad Women-41"]
[Site "Tromsoe"]
[Date "2014.08.12"]
[Round "10.1"]
[White "Moser, Eva"]
[Black "Yuan, Yuanling"]
[Result "0-1"]
[WhiteElo "2456"]
[BlackElo "2241"]
[PlyCount "168"]
[EventDate "2014.08.02"]
[EventType "team-swiss"]
[EventRounds "11"]
[EventCountry "NOR"]
[SourceTitle "CBM 162"]
[Source "ChessBase"]
[SourceDate "2014.09.17"]
[SourceVersion "1"]
[SourceVersionDate "2014.09.17"]
[SourceQuality "1"]
[WhiteTeam "Austria (W)"]
[BlackTeam "Canada (W)"]
[WhiteTeamCountry "AUT"]
[BlackTeamCountry "CAN"]

1. c4 e5 2. g3 Nf6 3. Bg2 Nc6 4. Nc3 Bb4 5. Nf3 O-O 6. O-O d6 7. d3 Bxc3 8.
bxc3 h6 9. Ne1 Bd7 10. Rb1 Qc8 11. f4 exf4 12. gxf4 Rb8 13. e4 Bh3 14. Rb2 Qg4
15. Rf3 Nh7 16. Kh1 Bxg2+ 17. Rxg2 Qh5 18. Rxg7+ Kxg7 19. Rg3+ Qg6 20. f5 Qxg3
21. hxg3 Nf6 22. Bxh6+ Kxh6 23. Qd2+ Kh7 24. Qg5 Ne8 25. Qh5+ Kg7 26. Qg5+ Kh7
27. Qh4+ Kg8 28. Qg4+ Kh7 29. Qh4+ Kg8 30. f6 Ne5 31. Ng2 Ng6 32. Qg5 Kh7 33.
Qh5+ Kg8 34. Qg5 Kh7 35. Qh5+ Kg8 36. Ne3 Nxf6 37. Qh6 Rfd8 38. g4 Ne8 39. g5
d5 40. exd5 Rd6 41. c5 Ra6 42. Ng4 Rd8 43. d6 Nf8 44. Qh5 Rd7 45. Nh6+ Kg7 46.
Nf5+ Kg8 47. Qe2 Ne6 48. g6 N8g7 49. Nh6+ Kf8 50. Nxf7 cxd6 51. Qf2 dxc5 52.
Ne5+ Ke8 53. Nxd7 Kxd7 54. Qg2 Kc7 55. Qh2+ Rd6 56. Kg1 Kd7 57. Qg2 Kc8 58. Qe4
Nf8 59. Qe7 Rxg6+ 60. Kf1 Nd7 61. d4 cxd4 62. cxd4 Rf6+ 63. Kg1 Nf5 64. Qe4 Nd6
65. Qc2+ Kb8 66. Qh2 a6 67. Qh3 Nf5 68. Qh7 Kc7 69. d5 Ne3 70. Qe4 Nf5 71. Qc2+
Kb8 72. Qe4 Nd6 73. Qh7 Rf7 74. Qh2 Kc7 75. Qc2+ Kb6 76. Qb1+ Ka7 77. Qg6 Rf6
78. Qg7 Rf7 79. Qg6 Nf6 80. Kf2 Nxd5+ 81. Ke1 Re7+ 82. Kd1 Ne3+ 83. Kd2 Nec4+
84. Kd3 Ne5+ 0-1

[Event "Olympiad Women-41"]
[Site "Tromsoe"]
[Date "2014.08.11"]
[Round "9.1"]
[White "Madrigal, Ana Daniela"]
[Black "Moser, Eva"]
[Result "1-0"]
[WhiteElo "1986"]
[BlackElo "2456"]
[PlyCount "129"]
[EventDate "2014.08.02"]
[EventType "team-swiss"]
[EventRounds "11"]
[EventCountry "NOR"]
[SourceTitle "CBM 162"]
[Source "ChessBase"]
[SourceDate "2014.09.17"]
[SourceVersion "1"]
[SourceVersionDate "2014.09.17"]
[SourceQuality "1"]
[WhiteTeam "Nicaragua (W)"]
[BlackTeam "Austria (W)"]
[WhiteTeamCountry "NCA"]
[BlackTeamCountry "AUT"]

1. d4 c5 2. d5 d6 3. e4 g6 4. Nc3 Bg7 5. Nf3 Nf6 6. Bb5+ Nbd7 7. a4 a6 8. Bc4
b6 9. h3 O-O 10. O-O Ne8 11. Rb1 Qc7 12. Be3 Ne5 13. Nxe5 dxe5 14. Qd2 Nd6 15.
Be2 Bd7 16. f4 b5 17. fxe5 Bxe5 18. Bf4 Bd4+ 19. Kh1 b4 20. Na2 Qb6 21. e5 Ne4
22. Qe1 b3 23. cxb3 Qxb3 24. Nc3 Bxc3 25. bxc3 Qxc3 26. Qh4 g5 27. Bxg5 Ng3+
28. Kh2 Nxf1+ 29. Bxf1 Qxe5+ 30. Kh1 Qf5 31. Rd1 f6 32. Bc1 Rf7 33. Be2 Qe5 34.
Bf3 Rd8 35. Bf4 Qb2 36. Bh6 Bf5 37. Bh5 Bg6 38. Bg4 f5 39. Bf3 Qb4 40. Qg5 Rd6
41. h4 Rff6 42. Qg3 e5 43. Bd2 Qb2 44. Bc1 Qb4 45. Bd2 Qxa4 46. h5 f4 47. Qg4
e4 48. Be2 Qd7 49. Qxd7 Rxd7 50. hxg6 hxg6 51. Bc3 Rb6 52. Bg4 Rdb7 53. Kh2 Rb1
54. Rxb1 Rxb1 55. d6 Rb8 56. Bf6 Kf7 57. Bg5 c4 58. d7 c3 59. Bd1 e3 60. d8=Q
Rxd8 61. Bxd8 Ke8 62. Bh4 Kd7 63. Be1 Kd6 64. Bxc3 Kd5 65. Be2 1-0

[Event "Olympiad Women-41"]
[Site "Tromsoe"]
[Date "2014.08.10"]
[Round "8.1"]
[White "Moser, Eva"]
[Black "Koskoska, Gabriela"]
[Result "1-0"]
[WhiteElo "2456"]
[BlackElo "2102"]
[PlyCount "81"]
[EventDate "2014.08.02"]
[EventType "team-swiss"]
[EventRounds "11"]
[EventCountry "NOR"]
[SourceTitle "CBM 162"]
[Source "ChessBase"]
[SourceDate "2014.09.17"]
[SourceVersion "1"]
[SourceVersionDate "2014.09.17"]
[SourceQuality "1"]
[WhiteTeam "Austria (W)"]
[BlackTeam "Macedonia (W)"]
[WhiteTeamCountry "AUT"]
[BlackTeamCountry "MKD"]

1. e4 c5 2. d3 Nc6 3. g3 g6 4. Bg2 Bg7 5. f4 e6 6. Nf3 Nge7 7. c3 d5 8. e5 Nf5
9. O-O h5 10. Re1 b6 11. Nbd2 a5 12. Ng5 O-O 13. Nf1 Ra7 14. a4 Re8 15. Nd2 Bb7
16. Ndf3 Nce7 17. Qe2 Nc6 18. Bd2 Ba6 19. Bf1 Rd7 20. Qf2 d4 21. c4 Bb7 22. Ne4
f6 23. exf6 Bxf6 24. Nxf6+ Qxf6 25. Bg2 Nh6 26. h3 Nf7 27. g4 hxg4 28. hxg4 e5
29. Qg3 Rde7 30. f5 Nb4 31. Nh4 Bxg2 32. g5 Qc6 33. Bxb4 axb4 34. f6 Re6 35.
Nxg2 e4 36. Rxe4 Rxe4 37. dxe4 Rxe4 38. a5 bxa5 39. Rxa5 Re5 40. Ra7 Rxg5 41.
Qb8+ 1-0

[Event "Olympiad Women-41"]
[Site "Tromsoe"]
[Date "2014.08.08"]
[Round "6.1"]
[White "Mona, Khaled"]
[Black "Moser, Eva"]
[Result "0-1"]
[WhiteElo "2169"]
[BlackElo "2456"]
[PlyCount "66"]
[EventDate "2014.08.02"]
[EventType "team-swiss"]
[EventRounds "11"]
[EventCountry "NOR"]
[SourceTitle "CBM 162"]
[Source "ChessBase"]
[SourceDate "2014.09.17"]
[SourceVersion "1"]
[SourceVersionDate "2014.09.17"]
[SourceQuality "1"]
[WhiteTeam "Egypt (W)"]
[BlackTeam "Austria (W)"]
[WhiteTeamCountry "EGY"]
[BlackTeamCountry "AUT"]

1. f4 d5 2. Nf3 g6 3. g3 c6 4. Bg2 Qb6 5. d3 Bg7 6. c3 Nd7 7. e3 Ngf6 8. O-O
O-O 9. Kh1 a5 10. Qe2 Qa6 11. c4 dxc4 12. dxc4 Ne4 13. Nfd2 Nd6 14. Na3 e5 15.
e4 exf4 16. gxf4 Nc5 17. e5 Nf5 18. b3 Nh4 19. Nc2 Nxg2 20. Kxg2 b5 21. Nd4 Ne6
22. Nxe6 Bxe6 23. Ba3 b4 24. Bb2 c5 25. Ne4 Qc6 26. Kg3 a4 27. Rad1 axb3 28.
axb3 Bf5 29. Nd6 Qd7 30. Rd5 Qe6 31. Rxc5 Ra2 32. Rd1 Bh3 33. Ne4 Rxb2 0-1

[Event "Olympiad Women-41"]
[Site "Tromsoe"]
[Date "2014.08.05"]
[Round "4.1"]
[White "Moser, Eva"]
[Black "Cramling, Pia"]
[Result "0-1"]
[WhiteElo "2456"]
[BlackElo "2500"]
[PlyCount "56"]
[EventDate "2014.08.02"]
[EventType "team-swiss"]
[EventRounds "11"]
[EventCountry "NOR"]
[SourceTitle "CBM 162"]
[Source "ChessBase"]
[SourceDate "2014.09.17"]
[SourceVersion "1"]
[SourceVersionDate "2014.09.17"]
[SourceQuality "1"]
[WhiteTeam "Austria (W)"]
[BlackTeam "Sweden (W)"]
[WhiteTeamCountry "AUT"]
[BlackTeamCountry "SWE"]

1. e4 c5 2. c3 d5 3. exd5 Qxd5 4. d4 Nc6 5. Nf3 Bf5 6. Be3 Nf6 7. Na3 cxd4 8.
Bc4 Qd7 9. Nxd4 Be4 10. Nxc6 bxc6 11. Qxd7+ Nxd7 12. f3 Bg6 13. Ba6 Rb8 14.
O-O-O e6 15. b4 Nf6 16. Bxa7 Rd8 17. Rxd8+ Kxd8 18. Bb6+ Kd7 19. Nc4 Nd5 20.
Rd1 f6 21. Kb2 Be7 22. Na5 Bd6 23. Bb7 Nxb6 24. c4 Kc7 25. c5 Be5+ 26. Kb3 Nd5
27. Bxc6 Bc2+ 28. Kxc2 Nxb4+ 0-1

[Event "Olympiad Women-41"]
[Site "Tromsoe"]
[Date "2014.08.04"]
[Round "3.1"]
[White "Repkova, Eva"]
[Black "Moser, Eva"]
[Result "0-1"]
[WhiteElo "2358"]
[BlackElo "2456"]
[PlyCount "68"]
[EventDate "2014.08.02"]
[EventType "team-swiss"]
[EventRounds "11"]
[EventCountry "NOR"]
[SourceTitle "CBM 162"]
[Source "ChessBase"]
[SourceDate "2014.09.17"]
[SourceVersion "1"]
[SourceVersionDate "2014.09.17"]
[SourceQuality "1"]
[WhiteTeam "Slovakia (W)"]
[BlackTeam "Austria (W)"]
[WhiteTeamCountry "SVK"]
[BlackTeamCountry "AUT"]

1. d4 Nf6 2. c4 g6 3. Nf3 Bg7 4. g3 d6 5. Bg2 Bf5 6. Nc3 Qc8 7. h3 O-O 8. g4
Bd7 9. Bf4 Nc6 10. e4 e5 11. dxe5 dxe5 12. Nxe5 Nxe4 13. Nxc6 Bxc3+ 14. bxc3
Bxc6 15. O-O f5 16. Be5 Rd8 17. Qc1 Nd2 18. Bd5+ Rxd5 19. cxd5 Nf3+ 20. Kh1
Bxd5 21. c4 Qe6 22. cxd5 Qxe5 23. Kg2 Nh4+ 24. Kh1 Qe4+ 25. f3 Qe2 26. Rg1
Qxf3+ 27. Kh2 Qf2+ 28. Kh1 Qf3+ 29. Kh2 Qf2+ 30. Kh1 Nf3 31. Rg2 Qh4 32. Rh2
Nxh2 33. d6 Qxh3 34. Kg1 Qg3+ 0-1

[Event "Olympiad Women-41"]
[Site "Tromsoe"]
[Date "2014.08.03"]
[Round "2.1"]
[White "Cornette, Deimante"]
[Black "Moser, Eva"]
[Result "1-0"]
[WhiteElo "2386"]
[BlackElo "2456"]
[PlyCount "57"]
[EventDate "2014.08.02"]
[EventType "team-swiss"]
[EventRounds "11"]
[EventCountry "NOR"]
[SourceTitle "CBM 162"]
[Source "ChessBase"]
[SourceDate "2014.09.17"]
[SourceVersion "1"]
[SourceVersionDate "2014.09.17"]
[SourceQuality "1"]
[WhiteTeam "Lithuania (W)"]
[BlackTeam "Austria (W)"]
[WhiteTeamCountry "LTU"]
[BlackTeamCountry "AUT"]

1. e4 d5 2. exd5 Qxd5 3. Nc3 Qd8 4. d4 Nf6 5. Bc4 g6 6. Nf3 Bg7 7. Ne5 O-O 8.
O-O Ne8 9. Bg5 Nd6 10. Bb3 Nd7 11. Re1 Nf6 12. Qd2 Nf5 13. Rad1 c6 14. h3 Nd5
15. Nf3 h6 16. Bf4 Nxf4 17. Qxf4 e6 18. Ne4 a5 19. a4 Qb6 20. g4 g5 21. Nfxg5
hxg5 22. Qxg5 f6 23. Nxf6+ Rxf6 24. gxf5 Kh7 25. Re4 Rh6 26. Rh4 Rxh4 27. Qxh4+
Bh6 28. Qe7+ Kh8 29. Qe8+ 1-0

[Event "Olympiad Women-41"]
[Site "Tromsoe"]
[Date "2014.08.02"]
[Round "1.1"]
[White "Moser, Eva"]
[Black "Frijde, Reyna"]
[Result "1-0"]
[WhiteElo "2456"]
[BlackElo "1607"]
[PlyCount "39"]
[EventDate "2014.08.02"]
[EventType "team-swiss"]
[EventRounds "11"]
[EventCountry "NOR"]
[SourceTitle "CBM 162"]
[Source "ChessBase"]
[SourceDate "2014.09.17"]
[SourceVersion "1"]
[SourceVersionDate "2014.09.17"]
[SourceQuality "1"]
[WhiteTeam "Austria (W)"]
[BlackTeam "Surinam (W)"]
[WhiteTeamCountry "AUT"]
[BlackTeamCountry "SUR"]

1. b3 d5 2. Bb2 e6 3. e3 Nf6 4. f4 Bd6 5. Nf3 c5 6. Ne5 O-O 7. Qf3 Bxe5 8. fxe5
Nfd7 9. Qg3 b6 10. Nc3 a6 11. Ne2 Nc6 12. Nf4 Ne7 13. Bd3 Ng6 14. Bxg6 hxg6 15.
h4 Re8 16. h5 g5 17. h6 Kh7 18. hxg7+ Kxg7 19. Rh5 Rh8 20. Rxg5+ 1-0

[Event "Steyr Landesliga 1314"]
[Site "Austria"]
[Date "2014.04.12"]
[Round "11.1"]
[White "Wertjanz, David"]
[Black "Moser, Eva"]
[Result "1/2-1/2"]
[WhiteElo "2267"]
[BlackElo "2436"]
[PlyCount "87"]
[EventDate "2013.09.28"]
[EventType "team-tourn"]
[EventRounds "11"]
[EventCountry "AUT"]
[SourceTitle "EXT 2015"]
[Source "ChessBase"]
[SourceDate "2014.11.20"]
[SourceVersion "1"]
[SourceVersionDate "2014.11.20"]
[SourceQuality "1"]
[WhiteTeam "Graz Styria"]
[BlackTeam "Graz Schachamazonen"]
[WhiteTeamCountry "AUT"]
[BlackTeamCountry "AUT"]

1. e4 d6 2. d4 Nf6 3. Nc3 Nbd7 4. Nf3 e5 5. Bc4 Be7 6. O-O O-O 7. Re1 c6 8. a4
a5 9. h3 h6 10. Ba2 Re8 11. Be3 Qc7 12. Nh4 Nf8 13. Qf3 exd4 14. Bxd4 Ne6 15.
Be3 Ng5 16. Bxg5 hxg5 17. Nf5 Bf8 18. Ng3 g4 19. hxg4 Bxg4 20. Qf4 Re5 21. Nd1
Qe7 22. f3 Bd7 23. Nf2 Nh5 24. Nxh5 Rxh5 25. Nd3 g6 26. g4 Rh7 27. Kg2 Bh6 28.
Qg3 Bg5 29. Rh1 Bh4 30. Qf4 d5 31. e5 Be6 32. Rh2 Re8 33. Rah1 g5 34. Qd4 Rh6
35. Rf1 f6 36. f4 gxf4 37. Rxf4 fxe5 38. Qxe5 Bf6 39. Rxh6 Bxe5 40. Nxe5 Qd6
41. Rg6+ Kh7 42. Rff6 Qxe5 43. Rh6+ Kg8 44. Rhg6+ 1/2-1/2

[Event "BL 1314 (Women)"]
[Site "Germany"]
[Date "2014.03.30"]
[Round "11"]
[White "Pruefert, Franziska"]
[Black "Moser, Eva"]
[Result "0-1"]
[WhiteElo "1809"]
[BlackElo "2433"]
[PlyCount "100"]
[EventDate "2013.10.04"]
[EventType "team-tourn"]
[EventRounds "11"]
[EventCountry "GER"]
[SourceTitle "EXT 2015"]
[Source "ChessBase"]
[SourceDate "2014.11.20"]
[SourceVersion "1"]
[SourceVersionDate "2014.11.20"]
[SourceQuality "1"]
[WhiteTeam "Friedberg (W)"]
[BlackTeam "Baden-Baden (W)"]
[WhiteTeamCountry "GER"]
[BlackTeamCountry "GER"]

1. d4 c5 2. c3 Qa5 3. Bd2 Nf6 4. Qc2 g6 5. e4 d6 6. f4 Bg7 7. Nf3 O-O 8. Be2
Qc7 9. d5 e6 10. c4 exd5 11. cxd5 Re8 12. Nc3 Na6 13. Bxa6 bxa6 14. O-O Rb8 15.
Rae1 a5 16. h3 Ba6 17. Rf2 Nd7 18. b3 c4 19. Ne2 Nc5 20. Nc1 Rec8 21. Be3 cxb3
22. axb3 Nxb3 23. Qxc7 Rxc7 24. Nxb3 Rxb3 25. Ra2 Rd3 26. Bd2 Bb5 27. Bxa5 Rc4
28. Nd2 Ra4 29. Rxa4 Bxa4 30. Nc4 Bd4+ 31. Kh2 Bf2 32. Rf1 Bg3+ 33. Kh1 g5 34.
Nxd6 Bxf4 35. Nc8 Bd7 36. Nxa7 f5 37. exf5 Bxf5 38. Nc6 Be4 39. Bb6 Rxh3+ 40.
Kg1 Rg3 41. Rf2 Rd3 42. Nb4 Rb3 43. Bc5 Rc3 44. d6 Rxc5 45. d7 Rc1+ 46. Rf1
Rxf1+ 47. Kxf1 Bc7 48. g4 Bf3 49. Kf2 Bxg4 50. Nd5 Bd8 0-1

[Event "BL 1314 (Women)"]
[Site "Germany"]
[Date "2014.03.29"]
[Round "10"]
[White "Moser, Eva"]
[Black "Sachdev, Tania"]
[Result "0-1"]
[WhiteElo "2433"]
[BlackElo "2430"]
[PlyCount "96"]
[EventDate "2013.10.04"]
[EventType "team-tourn"]
[EventRounds "11"]
[EventCountry "GER"]
[SourceTitle "EXT 2015"]
[Source "ChessBase"]
[SourceDate "2014.11.20"]
[SourceVersion "1"]
[SourceVersionDate "2014.11.20"]
[SourceQuality "1"]
[WhiteTeam "Baden-Baden (W)"]
[BlackTeam "Bad Koenigshofen (W)"]
[WhiteTeamCountry "GER"]
[BlackTeamCountry "GER"]

1. b3 e5 2. Bb2 d6 3. e3 Nf6 4. g3 Bg4 5. f3 Be6 6. Nh3 Qd7 7. Ng5 Bf5 8. e4
Bg6 9. Bh3 Qe7 10. Bg2 Nc6 11. c4 O-O-O 12. Nh3 h5 13. Nc3 Kb8 14. O-O Qd7 15.
Ne2 Nh7 16. d4 f5 17. d5 Ne7 18. f4 fxe4 19. fxe5 dxe5 20. Bxe5 Nf5 21. Nhf4
Bc5+ 22. Bd4 Nxd4 23. Nxd4 Bf5 24. b4 Bg4 25. Qd2 Bxd4+ 26. Qxd4 Ng5 27. Bxe4
h4 28. Bg2 hxg3 29. hxg3 Nh3+ 30. Bxh3 Bxh3 31. Rf3 Bf5 32. Re1 g5 33. Ng2 Qh7
34. Qf6 Be4 35. Rxe4 Qxe4 36. d6 cxd6 37. Rf5 Qb1+ 38. Rf1 Qxb4 39. Qxg5 Qxc4
40. Rc1 Qxa2 41. Qe7 Qa5 42. g4 Qb6+ 43. Qe3 Qxe3+ 44. Nxe3 d5 45. Kf2 d4 46.
Nf5 d3 47. Kg3 d2 48. Rd1 Rhe8 0-1

[Event "AUT-chT 1314"]
[Site "Austria"]
[Date "2014.03.23"]
[Round "11.4"]
[White "Moser, Eva"]
[Black "Schneider, Ilja"]
[Result "1/2-1/2"]
[WhiteElo "2436"]
[BlackElo "2511"]
[PlyCount "32"]
[EventDate "2013.12.06"]
[EventType "team-tourn"]
[EventRounds "11"]
[EventCountry "AUT"]
[SourceTitle "EXT 2015"]
[Source "ChessBase"]
[SourceDate "2014.11.20"]
[SourceVersion "1"]
[SourceVersionDate "2014.11.20"]
[SourceQuality "1"]
[WhiteTeam "Wolfsberg"]
[BlackTeam "Wulkaprodersdorf"]
[WhiteTeamCountry "AUT"]
[BlackTeamCountry "AUT"]

1. g3 d5 2. Nf3 c6 3. Bg2 Bg4 4. c4 e6 5. cxd5 Bxf3 6. Bxf3 cxd5 7. O-O Nf6 8.
Nc3 Nc6 9. d3 Be7 10. Bg2 O-O 11. Bd2 Qb6 12. Rb1 a5 13. Qa4 Qb4 14. Qd1 Qb6
15. Qa4 Qb4 16. Qd1 Qb6 1/2-1/2

[Event "AUT-chT 1314"]
[Site "Austria"]
[Date "2014.03.20"]
[Round "8.4"]
[White "Buhmann, Rainer"]
[Black "Moser, Eva"]
[Result "0-1"]
[WhiteElo "2569"]
[BlackElo "2436"]
[PlyCount "80"]
[EventDate "2013.12.06"]
[EventType "team-tourn"]
[EventRounds "11"]
[EventCountry "AUT"]
[SourceTitle "EXT 2015"]
[Source "ChessBase"]
[SourceDate "2014.11.20"]
[SourceVersion "1"]
[SourceVersionDate "2014.11.20"]
[SourceQuality "1"]
[WhiteTeam "Maria Saal"]
[BlackTeam "Wolfsberg"]
[WhiteTeamCountry "AUT"]
[BlackTeamCountry "AUT"]

1. Nf3 Nf6 2. c4 g6 3. Nc3 Bg7 4. e4 O-O 5. d4 c6 6. Be2 d5 7. e5 Ne4 8. O-O
Nxc3 9. bxc3 Nd7 10. cxd5 cxd5 11. a4 Nb6 12. Nd2 Be6 13. a5 Nc4 14. Nxc4 dxc4
15. Bf3 Bd5 16. Re1 b5 17. axb6 axb6 18. Rb1 e6 19. Bxd5 exd5 20. Qg4 Ra2 21.
Bg5 f6 22. Bh4 g5 23. exf6 Qxf6 24. Bg3 b5 25. Qd7 h5 26. Qxd5+ Kh8 27. f3 Qf5
28. Be5 Kh7 29. Rxb5 Bxe5 30. dxe5 Qc2 31. Qe4+ Qxe4 32. Rxe4 Rd8 33. Rd4 Rxd4
34. cxd4 c3 35. e6 c2 36. Rc5 Kg6 37. h4 Ra1+ 38. Kf2 c1=Q 39. Rxc1 Rxc1 40.
hxg5 Rd1 0-1

[Event "Steyr Landesliga 1314"]
[Site "Austria"]
[Date "2014.03.15"]
[Round "9.1"]
[White "Horvath, Sandor"]
[Black "Moser, Eva"]
[Result "0-1"]
[WhiteElo "2270"]
[BlackElo "2436"]
[PlyCount "70"]
[EventDate "2013.09.28"]
[EventType "team-tourn"]
[EventRounds "11"]
[EventCountry "AUT"]
[SourceTitle "EXT 2015"]
[Source "ChessBase"]
[SourceDate "2014.11.20"]
[SourceVersion "1"]
[SourceVersionDate "2014.11.20"]
[SourceQuality "1"]
[WhiteTeam "Gleisdorf"]
[BlackTeam "Graz Schachamazonen"]
[WhiteTeamCountry "AUT"]
[BlackTeamCountry "AUT"]

1. e4 d6 2. d4 Nf6 3. Nc3 Nbd7 4. Nf3 e5 5. Bc4 Be7 6. O-O O-O 7. h3 c6 8. a4
a5 9. Ba2 h6 10. Be3 Nh7 11. Ne2 exd4 12. Bxd4 Nc5 13. Bxc5 dxc5 14. Nf4 Qc7
15. Ng6 Rd8 16. Nfe5 Ng5 17. Qh5 Bf6 18. f4 Ne6 19. Nxf7 Qxf7 20. e5 Be7 21.
Nxe7+ Qxe7 22. f5 c4 23. fxe6 Bxe6 24. Rad1 Rxd1 25. Rxd1 Qc5+ 26. Kh1 Rf8 27.
c3 Qe3 28. Qh4 Qf2 29. Qxf2 Rxf2 30. Rd4 b5 31. axb5 cxb5 32. Rd6 Kf7 33. Ra6
Rxb2 34. Rxa5 Bd5 35. h4 Ke6 0-1

[Event "Steyr Landesliga 1314"]
[Site "Austria"]
[Date "2014.03.01"]
[Round "8.1"]
[White "Moser, Eva"]
[Black "Mahdy, Khaled"]
[Result "1-0"]
[WhiteElo "2436"]
[BlackElo "2393"]
[PlyCount "73"]
[EventDate "2013.09.28"]
[EventType "team-tourn"]
[EventRounds "11"]
[EventCountry "AUT"]
[SourceTitle "EXT 2015"]
[Source "ChessBase"]
[SourceDate "2014.11.20"]
[SourceVersion "1"]
[SourceVersionDate "2014.11.20"]
[SourceQuality "1"]
[WhiteTeam "Graz Schachamazonen"]
[BlackTeam "Pinggau Friedberg"]
[WhiteTeamCountry "AUT"]
[BlackTeamCountry "AUT"]

1. Nc3 d5 2. e4 dxe4 3. Nxe4 Nf6 4. Nxf6+ exf6 5. g3 Bd6 6. Bg2 O-O 7. d4 Re8+
8. Be3 Nc6 9. Qd2 Bf5 10. a3 Qd7 11. Ne2 b5 12. O-O Rad8 13. Rfc1 Bh3 14. Bh1
Bg4 15. Nc3 a6 16. Nd5 Ne7 17. Nxe7+ Rxe7 18. c4 bxc4 19. Rxc4 Qb5 20. Rac1 h5
21. d5 a5 22. Bg2 Rb8 23. Bd4 Re2 24. Qc3 Rxb2 25. Qxb2 Qxb2 26. Bxb2 Rxb2 27.
a4 Bd7 28. Be4 g6 29. Kg2 f5 30. Bc2 Kf8 31. Rb1 Ra2 32. Rb8+ Ke7 33. Ra8 Bb4
34. Rxc7 Kd6 35. Raa7 Be8 36. Rc8 Bc5 37. Ra6+ 1-0

[Event "BL 1314 (Women)"]
[Site "Germany"]
[Date "2014.02.15"]
[Round "6.3"]
[White "Olsarova, Karolina"]
[Black "Moser, Eva"]
[Result "1-0"]
[WhiteElo "2276"]
[BlackElo "2433"]
[PlyCount "159"]
[EventDate "2013.10.04"]
[EventType "team-tourn"]
[EventRounds "11"]
[EventCountry "GER"]
[SourceTitle "EXT 2018"]
[Source "ChessBase"]
[SourceDate "2017.10.13"]
[SourceVersion "1"]
[SourceVersionDate "2017.10.13"]
[SourceQuality "1"]
[WhiteTeam "Grosslehna (W)"]
[BlackTeam "Baden-Baden (W)"]
[WhiteTeamCountry "GER"]
[BlackTeamCountry "GER"]

1. e4 d5 2. exd5 Qxd5 3. Nc3 Qd8 4. d4 Nf6 5. Bc4 g6 6. Nf3 Bg7 7. O-O O-O 8.
Re1 Bg4 9. d5 c6 10. Bb3 cxd5 11. Nxd5 e6 12. Nxf6+ Qxf6 13. h3 Bxf3 14. Qxf3
Qxf3 15. gxf3 a5 16. a4 Nc6 17. c3 Ne5 18. Kg2 Rac8 19. Rd1 h6 20. Be3 g5 21.
f4 gxf4 22. Bxf4 Nc4 23. Bxc4 Rxc4 24. Be3 f5 25. Bb6 f4 26. Kf3 e5 27. Re1 Ra8
28. Rad1 Rc6 29. Rd8+ Rxd8 30. Bxd8 Kf7 31. Bxa5 Ke6 32. Rd1 Ra6 33. Bb4 Rxa4
34. Ke4 Ra6 35. Rd8 Rc6 36. b3 Rc7 37. Rd6+ Kf7 38. Rd8 Kg6 39. c4 f3 40. Rd6+
Kh5 41. Rd3 b5 42. cxb5 Rb7 43. Bc5 Rxb5 44. b4 Bf6 45. Rxf3 Bg5 46. Kd5 Kg6
47. Rf8 Bd2 48. Kc6 Rxb4 49. Bxb4 Bxb4 50. Rf3 Bd2 51. Kd5 Bf4 52. Ke4 Kg5 53.
Rb3 Kh4 54. Kf5 h5 55. Kg6 Bh2 56. Ra3 Bf4 57. Rf3 Bh2 58. Kf5 Bf4 59. Ke4 Bh2
60. Rf5 Bf4 61. Kf3 Bh2 62. Kg2 Bf4 63. Kf3 Bh2 64. Ke3 Bf4+ 65. Ke2 Bh2 66.
Kf3 Bf4 67. Kg2 Bc1 68. Rxe5 Bd2 69. Re4+ Kg5 70. Kf3 Bc1 71. Rc4 Bd2 72. h4+
Kf5 73. Rc5+ Kg6 74. Ke4 Be1 75. Rg5+ Kh6 76. Rg2 Bb4 77. Kf5 Be7 78. Rh2 Kg7
79. Ke6 Bb4 80. f4 1-0

[Event "Steyr Landesliga 1314"]
[Site "Austria"]
[Date "2014.02.08"]
[Round "7.1"]
[White "Schachinger, Mario"]
[Black "Moser, Eva"]
[Result "0-1"]
[WhiteElo "2400"]
[BlackElo "2436"]
[PlyCount "114"]
[EventDate "2013.09.28"]
[EventType "team-tourn"]
[EventRounds "11"]
[EventCountry "AUT"]
[SourceTitle "EXT 2015"]
[Source "ChessBase"]
[SourceDate "2014.11.20"]
[SourceVersion "1"]
[SourceVersionDate "2014.11.20"]
[SourceQuality "1"]
[WhiteTeam "Graz Austria"]
[BlackTeam "Graz Schachamazonen"]
[WhiteTeamCountry "AUT"]
[BlackTeamCountry "AUT"]

1. d4 c5 2. d5 d6 3. e4 g6 4. Nc3 Bg7 5. h3 Nf6 6. Be3 O-O 7. Nf3 b5 8. e5 dxe5
9. Bxb5 e4 10. Ne5 Qc7 11. Nc4 Rd8 12. Qd2 Bb7 13. Bf4 Qc8 14. d6 Nc6 15. Bxc6
Bxc6 16. Qe3 exd6 17. Nxd6 Qb8 18. Qxc5 Nh5 19. Qxc6 Nxf4 20. Ncxe4 Qb4+ 21. c3
Nd3+ 22. Ke2 Qxb2+ 23. Kxd3 Rac8 24. Qd5 Rxc3+ 25. Nxc3 Qxc3+ 26. Ke2 Qc2+ 27.
Qd2 Qxd2+ 28. Kxd2 Rxd6+ 29. Kc2 Rc6+ 30. Kd3 Rd6+ 31. Ke3 Re6+ 32. Kf3 Bxa1
33. Rxa1 Rb6 34. Re1 Ra6 35. Re2 h5 36. Ke4 h4 37. Kd5 Kg7 38. Kc5 Ra5+ 39. Kb4
Rg5 40. f3 Kf6 41. a4 Re5 42. Rd2 a5+ 43. Kc4 Kf5 44. Rd4 g5 45. Rg4 f6 46. f4
gxf4 47. Rxh4 Re2 48. Rg4 Rb2 49. Rg7 Rb4+ 50. Kc5 Rxa4 51. Kb5 Ra3 52. Rd7 f3
53. gxf3 Rxf3 54. h4 Kg4 55. Rg7+ Kxh4 56. Kxa5 Rb3 57. Ka4 Rb1 0-1